| 000 | 00913nam a22001817a 4500 | ||
|---|---|---|---|
| 003 | OSt | ||
| 005 | 20251216142720.0 | ||
| 008 | 251216b |||||||| |||| 00| 0 eng d | ||
| 040 | _cDCL | ||
| 082 | _a၂၉၄.၃၈၂၄၇ | ||
| 100 | 0 | _aမြတ်သူ (ကိုကိုသန်းဝင်း) | |
| 245 | 1 | 0 |
_aပဌာန်းနှင့်အနက်တွဲရွတ်ဖတ်ပါမှ / _cစုဆောင်းစီစဉ်သူ မြတ်သူ (ကိုကိုသန်းဝင်း)။ |
| 250 | _aဆဋ္ဌမအကြိမ်။ | ||
| 260 |
_aမန္တလေး ၊ _b[ထိပ်တန်းပုံနှိပ်လုပ်ငန်း]၊ _c[ခုနှစ်မပါ]။ |
||
| 300 |
_a၁၃၃ စာမျက်နှာ ၊ _c၁၉ စင်တီ။ |
||
| 650 | _aပဋ္ဌာန်း | ||
| 942 |
_2ddc _cSHORT TERM _n0 |
||
| 999 |
_c2735 _d2735 |
||